00683nam a22002177a 450000500170000001000130001702000220003003500130005203700160006504000120008108200130009310000170010624500860012326000400020927000560024930000230030550000410032865000410036965000360041070000190044620170124110116.0 aB-035090 c00.00a8174871764 aB-035090 bCen Lib/Ret aDPLbEN a921bGUP aGupta, V. P. aThe life and legacy of Gopal Krishna Gokhale /cby V. P. Gupta [and] Mohini Gupta aNew DelhibRadha Publicationsc2000 bNew Delhia4378/4B, Ansari Road, Darya Ganje110002 ax,366p. c22cm(Hb) aIncludes bibliographical references  aGokhale, Gopal Krishna, -- 1866-1915 aStatesmen -- India -- Biography aGupta, Mohini